Una aproximación a la evolución de las ideas pedagógicas sobre la mujer en Panamá /
Na minha lista:
| Autor principal: | |
|---|---|
| Formato: | Texto |
| Assuntos: | |
| Tags: |
Adicionar Tag
Sem tags, seja o primeiro a adicionar uma tag!
|
MARC
| LEADER | 00000 a a2200000 04500 | ||
|---|---|---|---|
| 001 | 18318 | ||
| 003 | |||
| 040 | |||
| 100 | |a Carrera, Bárbara M. | ||
| 245 | |a Una aproximación a la evolución de las ideas pedagógicas sobre la mujer en Panamá / |c Bárbara M. Carrera | ||
| 650 | |a MUJERES | ||
| 650 | |a EDUCACION | ||
| 650 | |a GENERO | ||
| 650 | |a PANAMA | ||
| 773 | |g volumen 5, número 2; páginas 47-57 | ||
| 999 | |c 21594 |d 21594 | ||
